Szczegóły MARC21

Roget's thesaurus of English words and phrases.

003 -Nazwa inst., której nr kontr. jest w polu 001 [,]
    • @
    • Nazwa instytucji, której n kontrolny jest w polu 001
    • NUKAT
005 -DATA I CZAS OSTATNIEJ MODYFIKACJI [,]
    • @
    • pole kontrolne
    • 20241231085546.0
020 -Międzynarod. znormalizowany nr książki - ISBN [ , ]
    • a
    • Numer ISBN
    • 0582893631 Find
    • q
    • Dopowiedzenie
    • standart ed.
020 -Międzynarod. znormalizowany nr książki - ISBN [ , ]
    • a
    • Numer ISBN
    • 0582892201 Find
    • q
    • Dopowiedzenie
    • de luxe ed.
020 -Międzynarod. znormalizowany nr książki - ISBN [ , ]
    • a
    • Numer ISBN
    • 0582014026 Find
    • q
    • Dopowiedzenie
    • ltd. leather ed.
040 -Instytucja sporządzająca opis [ , ]
    • a
    • Instytucja, która sporządziła opis (NP)
    • TOR U/MS
    • c
    • Instytucja, która sporządziła rekord (NP)
    • TOR U/MS
    • d
    • Instytucja, która zmodyfikowała rekord (P)
    • TOR U/LF
    • d
    • Instytucja, która zmodyfikowała rekord (P)
    • TOR U/IMs
942 -Rodzaj dokumentu [ , ]
    • c
    • Rodzaj dokumentu
    • Książka
100 -Hasło główne - nazwa osobowa [1, ]
    • a
    • Nazwa osobowa (NP)
    • Roget, Peter Mark
    • d
    • Daty biograficzne (NP)
    • (1779-1869).
    • 9
    • KHW
    • 250571
245 -Strefa tytułu i oznaczenia odpowiedzialności [1,0]
    • a
    • Tytuł
    • Roget's thesaurus of English words and phrases. Find
246 -Wariant tytułu [1,4]
    • a
    • Tytuł (NP)
    • Original Roget's thesaurus of English words and phrases
250 -Strefa wydania [ , ]
    • a
    • Oznaczenie wydania (NP)
    • New ed., 9th impr. /
    • b
    • Ciąg dalszy strefy wydania (NP)
    • prep. by Betty Kirkpatrick.
260 -Strefa adresu wydawniczego [ , ]
    • a
    • Miejsce wydania (P)
    • Harlow :
    • b
    • Nazwa wydawcy (P)
    • Longman,
    • c
    • Data wydania (P)
    • 1990.
300 -Strefa opisu fizycznego [ , ]
    • a
    • Określenie formy książki i/lub objętość (NP)
    • XLIX, 1, 1254 s. ;
    • c
    • Format (NP)
    • 23 cm.
336 -Typ zawartości [ , ]
    • a
    • Termin opisujący typ zawartości
    • Tekst
    • b
    • Kod określający zawartość
    • txt
    • 2
    • Źródło (terminu i kodu)
    • rdacontent
337 -Typ mediów [ , ]
    • a
    • Tryb odtwarzania
    • Bez urządzenia pośredniczącego
    • b
    • Kod typu mediów
    • n
    • 2
    • Źródło (terminu i kodu)
    • rdamedia
338 -Typ/rodzaj nośnika [ , ]
    • a
    • Hasło opisujące typ nośnika
    • Wolumin
    • b
    • Kod typu nośnika
    • nc
    • 2
    • Źródło (terminu i kodu)
    • rdacarrier
650 -Hasło przedmiotowe [ ,7]
    • a
    • Hasło przedmiotowe
    • Język angielski
    • x
    • Określnik rzeczowy
    • synonimy i antonimy.
    • 2
    • Źródło terminu
    • kaba
    • 9
    • KHW
    • 507513
650 -Hasło przedmiotowe [ ,7]
    • a
    • Hasło przedmiotowe
    • Język angielski
    • x
    • Określnik rzeczowy
    • wyrażenia i zwroty.
    • 2
    • Źródło terminu
    • kaba
    • 9
    • KHW
    • 360819
700 -Hasło dodatkowe - nazwa osobowa [1, ]
    • a
    • Nazwa osobowa (NP)
    • Kirkpatrick, Elizabeth McLaren Find
    • d
    • Daty biograficzne (NP)
    • (1941- ).
    • e
    • Określenie rodzaju współpracy
    • Oprac.
    • 9
    • KHW
    • 644863
920 -ISBN [ , ]
    • a
    • ISBN
    • 0-582-89363-1 Find
    • q
    • Dopowiedzenie
    • standart ed.
920 -ISBN [ , ]
    • a
    • ISBN
    • 0-582-89220-1 Find
    • q
    • Dopowiedzenie
    • de luxe ed.
920 -ISBN [ , ]
    • a
    • ISBN
    • 0-582-01402-6 Find
    • q
    • Dopowiedzenie
    • ltd. leather ed.
Sygnatura Lokalizacja Uwagi nie widoczne w OPAC Status udost. Numer inwentarzowy
ANG. Słowniki jęz. ang. 29BMR0753929961BC.3657